| 000 | 00738nam a2200229 a 4500 | ||
|---|---|---|---|
| 005 | 20240925065541.0 | ||
| 008 | 991125m19441979mx 000 0 spa u | ||
| 020 | _a9681602854 | ||
| 035 | _aUPN01000016981 | ||
| 049 | _aCG | ||
| 050 | 4 |
_aHM57 _bW4.38 |
|
| 100 | 1 |
_aWeber, Max, _d1864-1920 |
|
| 245 | 1 | 0 |
_aEconomía y sociedad : _besbozo de sociología comprensiva / _cMax Weber ; ed. Johannes Winckelmann ; nota prelim. y tr. José Medina Echavarría. |
| 260 |
_aMéxico : _bFCE, _c1944 (1979 impr.). |
||
| 300 | _av. | ||
| 440 | 0 | _aSección de obras de sociología | |
| 500 | _aLa biblioteca tiene el v.1 | ||
| 650 | 4 |
_aEconomía _911541 |
|
| 650 | 4 |
_aSociología _95756 |
|
| 700 | 1 |
_aWinckelmann, Johannes, _eed. |
|
| 905 | _aLibro | ||
| 999 |
_c16981 _d16981 |
||